Autobahnausfahrten an der BAB 9 - Statistiken

Allgemein
  • Dieses Quiz wurde 37 mal gespielt
  • Das Durchschnittsergebnis liegt bei 32 aus 80
Antwortstatistiken
Hint Antwort % Korrekt
61 Ingolstadt-Nord
78%
62 Ingolstadt-Süd
78%
25b Lederhose
67%
17 Leipzig-West
67%
15 Schkeuditzer Kreuz
67%
41 Bayreuth-Nord
61%
42 Bayreuth-Süd
61%
65 Dreieck Holledau
56%
13 Halle
56%
24 Hermsdorfer Kreuz
56%
51 Kreuz Nürnberg
56%
21a Naumburg
56%
40a Dreieck Bayreuth/Kulmbach
50%
1 Dreieck Potsdam
50%
68 Kreuz Neufahrn
50%
53 Kreuz Nürnberg-Ost
50%
19 Kreuz Rippachtal
50%
66 Pfaffenhofen
50%
28 Schleiz
50%
26 Triptis
50%
20 Weißenfels
50%
67 Allershausen
44%
58 Altmühltal
44%
40b Bindlacher Berg
44%
27 Dittersdorf
44%
33 Dreieck Bayerisches Vogtland
44%
54 Dreieck Nürnberg/Feucht
44%
22 Eisenberg
44%
70 Garching-Nord
44%
72 Kreuz München-Nord
44%
50 Lauf
44%
49 Lauf/Hersbruck
44%
44 Pegnitz
44%
3 Beelitz
39%
10 Dessau-Ost
39%
11a Dessau-Süd
39%
71 Garching-Süd
39%
37 Gefrees
39%
57 Greding
39%
25a Hermsdorf-Süd
39%
34 Hof-West
39%
76 München-Schwabing
39%
52 Nürnberg-Fischbach
39%
55 Allersberg
33%
39 Bad Berneck/Himmelkorn
33%
31 Berg/Bad Steben
33%
21b Droyßig
33%
16 Großkugel
33%
60 Lenting
33%
63 Manching
33%
35 Münchberg-Nord
33%
36 Münchberg-Süd
33%
74 München-Freimann
33%
32 Naila/Selbitz
33%
30 Rudolphstein
33%
18 Bad Dürrenberg
28%
23 Bad Klosterlausnitz
28%
29 Bad Lobenstein
28%
2 Beelitz-Heilstätten
28%
12 Bitterfeld-Wolfen
28%
8 Coswig
28%
69 Eching
28%
56 Hilpoltstein
28%
7 Köselitz
28%
64 Langenbruck
28%
38 Marktschorgast
28%
73 München-Fröttmanning-Süd
28%
5 Niemegk
28%
43 Trockau
28%
9 Vockerode
28%
14 Wiedemar
28%
4 Brück
22%
59 Denkendorf
22%
6 Klein Marzehns
22%
75 München-Frankfurter-Ring
22%
48 Schnaitach
22%
47 Hormersdorf
17%
46 Plech
17%
11b Thurland
17%
45 Weidensees
17%
Keine übereinstimmenden Quizze gefunden
Verteilung der Resultate
Anzahl Personen mit jedem Resultat
Perzentil nach korrekt beantworteten Fragen
Ihre Resultats-Entwicklung
Sie haben dieses Quiz noch nicht gespielt